[Event "Montreal tt Inter entreprise"]
[Site "Montreal"]
[Date "2003.11.25"]
[Round "6"]
[White "Fontaine, Jacques"]
[Black "Rivard, Jean"]
[Result "1-0"]
[WhiteElo "1947"]
[BlackElo "1525"]
[PlyCount "77"]
[EventDate "2003.11.??"]
[EventType "team"]
[EventRounds "6"]
[EventCountry "CAN"]
[SourceTitle "EXT 2006"]
[Source "ChessBase"]
[SourceDate "2005.11.24"]
[SourceVersion "1"]
[SourceVersionDate "2005.11.24"]
[SourceQuality "1"]

1. e4 g6 2. d4 Bg7 3. Nc3 d6 4. Nf3 Bg4 5. Bc4 e6 6. Be3 Nf6 7. h3 Bxf3 8. Qxf3 Nc6 9. 0-0-0 0-0 10. Bb3 Na5 11. g4 Nxb3+ 12. axb3 Ne8 13. h4 f5 14. exf5 exf5 15. h5 c6 16. hxg6 hxg6 17. Qh3 f4 18. Bd2 Qf6 19. Rde1 d5 20. Ne2 g5 21. Qd3 Nd6 22. f3 a5 23. Nc3 b5 24. Re5 Rae8 25. Qh7+ Kf7 26. Qh5+ Qg6 27. Rxg5 Qxh5 28. Rgxh5 Bxd4 29. Bxf4 Be3+ 30. Bxe3 Rxe3 31. R1h3 Re6 32. Rh7+ Kg6 33. R7h6+ Kg7 34. Rxe6 Rd8 35. f4 b4 36. Ne2 c5 37. Ng3 Nb5 38. Nf5+ Kf7 39. Ra6 1-0

[Event "Montreal tt Inter entreprise"]
[Site "Montreal"]
[Date "2003.10.28"]
[Round "2"]
[White "Charest, Johanne"]
[Black "Rivard, Jean"]
[Result "0-1"]
[WhiteElo "1989"]
[BlackElo "1525"]
[PlyCount "63"]
[EventDate "2003.11.??"]
[EventType "team"]
[EventRounds "6"]
[EventCountry "CAN"]
[SourceTitle "EXT 2006"]
[Source "ChessBase"]
[SourceDate "2005.11.24"]
[SourceVersion "1"]
[SourceVersionDate "2005.11.24"]
[SourceQuality "1"]

1. e4 g6 2. d4 Bg7 3. Nf3 d6 4. Bc4 Nf6 5. Nc3 Nc6 6. Be3 0-0 7. Qd2 Na5 8. Bd3 Ng4 9. Bg5 f6 10. Bh4 Nc6 11. 0-0 f5 12. h3 Nf6 13. e5 dxe5 14. dxe5 Ne4 15. Bc4+ Kh8 16. Qxd8 Rxd8 17. Nxe4 fxe4 18. Ng5 Nxe5 19. Bg3 Nxc4 20. Nf7+ Kg8 21. Nxd8 Nd6 22. Rfe1 Rb8 23. Bxd6 cxd6 24. Rxe4 Bf5 25. Rxe7 Rxd8 26. c3 Bd7 27. Rae1 Bc6 28. Rd1 a5 29. Re6 d5 30. Rd3 Rf8 31. Re7 Bf6 32. Re6 0-1